000 006040000a22002050004500
003 LK-CoMWRAF
008 230817t ||||| |||| 00| 0 eng d
040 _aLK-CoMWRAF
_dLK-CoMWRAF
_eLK-CoMWRAF
041 _aeng
082 _a470
_bLED
245 _aLeadership and Self - Deception
_bGetting out of the Box
260 _bBerrett-Koehler Publishers
_aSan Francisco
_c2000
300 _ap.180
650 _aBeneath Effective Leadership
650 _aBirth of a Leader
650 _aHow we get in the Box
650 _aHow we get out of the Box
650 _aSelf-Deception and the Box
942 _cBK
999 _c2252
_d2252